|
|
|
|
| LEADER |
00000cam a2200000 i 4500 |
| 001 |
1/3620 |
| 008 |
000605s1928 gre d |
| 035 |
|
|
|l 10060860
|
| 040 |
|
|
|a GR-MY-UA
|b gre
|e aacr
|
| 041 |
0 |
|
|a gre
|
| 082 |
0 |
|
|a 938.6
|
| 100 |
1 |
|
|a Φιλάρετος, Γεώργιος Ν.,
|d 1848-1929.
|
| 245 |
1 |
0 |
|a Σημειώσεις από του 75ου υψώματος, 1848-1923 /
|c Γεώργιος Ν. Φιλάρετος.
|
| 260 |
|
|
|a Εν Αθήναις :
|b [χ.ό.],
|c 1928.
|
| 300 |
|
|
|a 3 τ.
|b εικ.
|
| 505 |
0 |
|
|a Τεύχη: Α': 1848-1889 -- Β': 1889-1900 -- Γ': 1900-1923.
|
| 506 |
1 |
|
|a Μόνο για ανάγνωση.
|c Βρίσκεται σε κλειστή συλλογή. Διαθέσιμο εάν ζητηθεί.
|
| 651 |
|
0 |
|a Greece
|x History
|y 19th century.
|
| 651 |
|
0 |
|a Greece
|x Politics and government
|y 19th century.
|
| 852 |
|
|
|a INST
|b LESVOS
|e 20000605
|h 938.6 ΦΙΛ
|p 005100020895
|q 005100020895
|t BK
|y 0
|z τ.2
|
| 852 |
|
|
|a INST
|b LESVOS
|e 20000605
|h 938.6 ΦΙΛ
|p 005100020946
|q 005100020946
|t BK
|y 0
|z τ.3
|
| 852 |
|
|
|a INST
|b LESVOS
|e 20000605
|h 938.6 ΦΙΛ
|p 005100021031
|q 005100021031
|t BK
|y 0
|z τ.1
|
| 852 |
|
|
|a INST
|b LESVOS
|e 20000605
|h 938.6 ΦΙΛ
|p 005100020895
|q 005100020895
|t BK
|v τ.2:
|y 0
|z τ.2
|
| 852 |
|
|
|a INST
|b LESVOS
|e 20000605
|h 938.6 ΦΙΛ
|p 005100020946
|q 005100020946
|t BK
|v τ.3:
|y 0
|z τ.3
|
| 852 |
|
|
|a INST
|b LESVOS
|e 20000605
|h 938.6 ΦΙΛ
|p 005100021031
|q 005100021031
|t BK
|v τ.1:
|y 0
|z τ.1
|
| 853 |
|
|
|a INST
|b LESVOS
|h 938.6 ΦΙΛ
|
| 901 |
|
|
|a BIBL1-2000-2
|
| 909 |
|
|
|a Λ
|b 044249
|
| 909 |
|
|
|a Λ
|b 044536
|
| 909 |
|
|
|a Λ
|b 044537
|
| 970 |
|
|
|z 2000/06/ΟΙΚΟΝΟΜΟΠΟΥΛΟΥ ΧΡΙΣΤΙΝΑ
|